00256nam a2200097Ia 4500008004100000100001900041245003000060260004200090260000900132999001700141170620s9999 xx 000 0 und d aEdiger- Marlow 0aPsychology and Curriculum bNew Delhi- Discovery Publishing House c2004 c24514d24514